Pays sans les lettres de "MEXIQUE" - Statistiques

Statistiques générales
  • Ce quiz a été pris 22 fois
    3 depuis la dernière actualisation
  • Le résultat moyen est 9 sur 16
Statistiques - réponses
Continents Pays % Correct
Amérique du Nord Canada
100%
Asie Laos
100%
Océanie Tonga
100%
Afrique Ghana
67%
Asie Japon
67%
Océanie Palaos
67%
Afrique Rwanda
67%
Amérique du Nord Salvador
67%
Afrique Tchad
67%
Afrique Angola
33%
Afrique Gabon
33%
Asie Kazakhstan
33%
Europe Kosovo
33%
Europe Pays-Bas
33%
Afrique Togo
33%
Afrique Botswana
0%
Aucun quiz correspondant
Distribution des résultats
% des personnes avec chaque résultat
Percentile par nombre de réponses
Votre historique - résultats
Vous n’avez pas pris ce quiz depuis la dernière actualisation